[Event "30. Staufer-Open (A)"]
[Site "?"]
[Date "2018.01.03"]
[Round "3"]
[White "Plat, Vojtech"]
[Black "Kostic, Vladimir"]
[Result "1-0"]
[WhiteElo "2569"]
[BlackElo "2326"]
[PlyCount "101"]
[EventDate "2018.??.??"]
[WhiteTeam "SC Weiler im Allgäu e. V."]
[BlackTeam "Schachklub München Südost e.V."]

1. e4 e5 2. Nf3 Nc6 3. Bb5 Nf6 4. O-O d6 5. d4 exd4 6. Qxd4 Bd7 7. Bxc6 Bxc6 8.
Nc3 Be7 9. Re1 O-O 10. Qd3 Nd7 11. Nd4 Bf6 12. Nf5 Re8 13. Qg3 Kh8 14. Bd2 Nc5
15. f3 Ne6 16. Qf2 Qd7 17. Rad1 Nf8 18. Be3 Qe6 19. Bd4 Ng6 20. b3 Bxd4 21.
Nxd4 Qf6 22. g3 Qe5 23. b4 a6 24. Qe2 Qh5 25. f4 Qxe2 26. Rxe2 Bd7 27. Rde1 Ne7
28. a3 Bg4 29. Rd2 Rac8 30. b5 axb5 31. Ndxb5 Bd7 32. a4 Ng8 33. e5 h5 34. Rb1
Bxb5 35. Rxb5 dxe5 36. fxe5 b6 37. Rd7 f6 38. e6 Rxe6 39. Rxh5+ Nh6 40. Nd5
Rce8 41. Rxc7 Kg8 42. h3 f5 43. Rg5 g6 44. Nf4 Nf7 45. Rxg6+ Rxg6 46. Nxg6 Nd6
47. Ne7+ Kf8 48. Rd7 Nc4 49. Nxf5 Re2 50. Rd8+ Kf7 51. Nd6+ 1-0

[Event "30. Staufer-Open (A)"]
[Site "?"]
[Date "2018.01.03"]
[Round "3"]
[White "Gheng, Josef"]
[Black "Kunin, Vitaly"]
[Result "0-1"]
[WhiteElo "2334"]
[BlackElo "2556"]
[PlyCount "116"]
[EventDate "2018.??.??"]
[WhiteTeam "SK Wernau"]
[BlackTeam "Freibauer Mörlenbach-Birkenau"]

1. e4 d6 2. d4 Nf6 3. Nc3 Nbd7 4. Nf3 e5 5. Be2 Be7 6. O-O O-O 7. Re1 c6 8. a4
Re8 9. Bf1 exd4 10. Nxd4 Ne5 11. h3 Bd7 12. Bf4 a5 13. Bg3 Qb6 14. Ra3 Qa7 15.
Rb3 Rad8 16. Kh1 Bc8 17. f4 Ng6 18. Bf2 Nd7 19. Qf3 Nc5 20. Nf5 Bf8 21. g4 d5
22. e5 b6 23. Bxc5 bxc5 24. Qf2 f6 25. exf6 Rxe1 26. Qxe1 gxf6 27. Qf2 Kh8 28.
Ne2 d4 29. Rd3 Bxf5 30. gxf5 Ne7 31. Qh4 Bg7 32. Ng3 c4 33. Rd2 Qc5 34. Qh5 Nd5
35. Ne4 Qe7 36. Bg2 Nxf4 37. Qg4 Bh6 38. Bf3 c5 39. Rd1 d3 40. c3 Nd5 41. Qh4
Ne3 42. Qxh6 Nxd1 43. Qd2 Ne3 44. Qxe3 d2 45. Qf4 d1=Q+ 46. Bxd1 Rxd1+ 47. Kg2
Qb7 48. Kg3 Rg1+ 49. Kh4 Rg8 50. Nxc5 Qxb2 51. Ne4 Qb7 52. Nc5 Qb1 53. Ne4 Qd3
54. Nxf6 Qd8 55. Qh6 Qe7 56. Kh5 Rf8 57. Ne4 Rxf5+ 58. Ng5 Qe2+ 0-1

[Event "30. Staufer-Open (A)"]
[Site "?"]
[Date "2018.01.03"]
[Round "3"]
[White "Buckels, Valentin"]
[Black "Kantor, Gergely"]
[Result "1/2-1/2"]
[WhiteElo "2332"]
[BlackElo "2518"]
[PlyCount "36"]
[EventDate "2018.??.??"]
[WhiteTeam "Schachverein Mülheim-Nord 1931 e"]

1. d4 Nf6 2. c4 e6 3. g3 d5 4. Nf3 dxc4 5. Qa4+ Nbd7 6. Bg2 a6 7. Qxc4 b5 8.
Qc6 Ra7 9. Bf4 Bb4+ 10. Nbd2 Bb7 11. Qc2 Nd5 12. O-O Nxf4 13. gxf4 O-O 14. Rfd1
Nf6 15. Rac1 Qa8 16. Ne1 Bxg2 17. Nxg2 Rd8 18. Nf3 Bd6 1/2-1/2

[Event "30. Staufer-Open (A)"]
[Site "?"]
[Date "2018.01.03"]
[Round "3"]
[White "Lampert, Jonas"]
[Black "Stefansson, Vignir Vatnar"]
[Result "1-0"]
[WhiteElo "2518"]
[BlackElo "2304"]
[PlyCount "83"]
[EventDate "2018.??.??"]
[WhiteTeam "Hamburger SK von 1830 eV"]

1. d4 Nc6 2. d5 Ne5 3. e4 e6 4. f4 Ng6 5. dxe6 dxe6 6. Qxd8+ Kxd8 7. Nc3 Bb4 8.
Bd2 Nf6 9. Bd3 Bd7 10. Nge2 c5 11. a3 Bxc3 12. Nxc3 Bc6 13. O-O-O Ke7 14. Rhf1
Nd7 15. g3 f6 16. h4 h5 17. Be3 a6 18. a4 b6 19. e5 f5 20. Bc4 Rhc8 21. Be2
Ngf8 22. Bxh5 b5 23. a5 b4 24. Nb1 c4 25. Rd6 Bb5 26. Bf3 Rab8 27. Ba7 c3 28.
Rf2 cxb2+ 29. Kxb2 Nc5 30. Bxb8 Rxb8 31. Nd2 Na4+ 32. Kc1 Nd7 33. Nb3 Ndc5 34.
Nd4 Nc3 35. Rb6 Rc8 36. Nxb5 Nxb5 37. Kd1 Rd8+ 38. Rd2 Rh8 39. Rc6 b3 40. cxb3
Nxb3 41. Rd3 N5d4 42. Rc7+ 1-0

[Event "30. Staufer-Open (A)"]
[Site "?"]
[Date "2018.01.03"]
[Round "3"]
[White "Noe, Christopher"]
[Black "Hahn, Markus"]
[Result "1-0"]
[WhiteElo "2474"]
[BlackElo "2282"]
[PlyCount "55"]
[EventDate "2018.??.??"]
[WhiteTeam "SC Eppingen"]
[BlackTeam "Kasseler SK 1876"]

1. d4 f5 2. c4 Nf6 3. Nc3 e6 4. Nf3 d5 5. g3 c6 6. Bg2 Bd6 7. Bf4 Bxf4 8. gxf4
O-O 9. e3 Bd7 10. Ne5 Be8 11. Qb3 Qe7 12. Bf3 b5 13. cxd5 cxd5 14. Nxd5 exd5
15. Bxd5+ Nxd5 16. Qxd5+ Kh8 17. Qxa8 Qb4+ 18. Kf1 Nd7 19. Nxd7 Bxd7 20. Qd5
Qe7 21. Rc1 Be6 22. Qxb5 Qf7 23. Rg1 Rg8 24. Qe5 Bc4+ 25. Ke1 h6 26. b3 Ba6 27.
Rc6 Bd3 28. Rxh6# 1-0

[Event "30. Staufer-Open (A)"]
[Site "?"]
[Date "2018.01.03"]
[Round "3"]
[White "Miezis, Normunds"]
[Black "Neukirchner, Pascal"]
[Result "1/2-1/2"]
[WhiteElo "2434"]
[BlackElo "2198"]
[PlyCount "99"]
[EventDate "2018.??.??"]
[WhiteTeam "SC Emmendingen 1937 e.V."]
[BlackTeam "SK Gründau"]

1. c4 c5 2. Nc3 g6 3. g3 Bg7 4. Bg2 Nc6 5. a3 d6 6. Rb1 e6 7. b4 Nge7 8. Nf3
O-O 9. O-O b6 10. e3 d5 11. bxc5 bxc5 12. cxd5 exd5 13. d4 a6 14. Na4 Bf5 15.
Rb2 cxd4 16. Nxd4 Nxd4 17. exd4 Be4 18. f3 Bf5 19. Be3 Nc6 20. g4 Be6 21. Nc5
Na5 22. Bf2 Nc4 23. Re2 Re8 24. Rfe1 Bd7 25. a4 Rxe2 26. Qxe2 Bc6 27. f4 Qd6
28. f5 gxf5 29. gxf5 Qf4 30. Qf3 Qxf3 31. Bxf3 Nd6 32. Bg4 Ne4 33. Nxe4 dxe4
34. a5 Rd8 35. Rd1 Bb5 36. Be3 Bd3 37. Rc1 Bxd4 38. Bxd4 Rxd4 39. f6 Rd8 40.
Kf2 h5 41. Bxh5 Rd6 42. Ke3 Rxf6 43. Rc5 Rf1 44. Bg4 Kg7 45. Bf5 Rh1 46. h3 Kf6
47. Bc8 Kg6 48. Bf5+ Kf6 49. Bc8 Kg6 50. Bf5+ 1/2-1/2

[Event "30. Staufer-Open (A)"]
[Site "?"]
[Date "2018.01.03"]
[Round "3"]
[White "Thomanek, Manuel"]
[Black "Krassowizkij, Jaroslaw"]
[Result "0-1"]
[WhiteElo "1926"]
[BlackElo "2433"]
[PlyCount "50"]
[EventDate "2018.??.??"]
[WhiteTeam "SC Plüderhausen"]
[BlackTeam "SV Jedesheim 1921"]

1. g4 d5 2. Bg2 c6 3. c4 dxc4 4. Na3 Bxg4 5. Nxc4 Nd7 6. d4 Ngf6 7. f3 Be6 8.
b3 Bxc4 9. bxc4 e5 10. dxe5 Bb4+ 11. Kf1 Nxe5 12. Qb3 Bc5 13. Bb2 Qe7 14. e4
O-O-O 15. Rb1 Rd3 16. Bh3+ Kd8 17. Qc2 Bxg1 18. Bxe5 Rxf3+ 19. Kxg1 Rxh3 20.
Kg2 Qxe5 21. Kxh3 Kc8 22. Rhe1 Rd8 23. Rb3 Qg5 24. Qg2 Qh5+ 25. Kg3 Qg4+ 0-1

[Event "30. Staufer-Open (A)"]
[Site "?"]
[Date "2018.01.03"]
[Round "3"]
[White "Antal, Tibor Kende"]
[Black "Nazarova, Anastasia"]
[Result "1/2-1/2"]
[WhiteElo "2419"]
[BlackElo "2033"]
[PlyCount "102"]
[EventDate "2018.??.??"]

1. e4 c5 2. Nf3 Nc6 3. d4 cxd4 4. Nxd4 g6 5. Nc3 Bg7 6. Be3 Nf6 7. Bc4 O-O 8.
Bb3 d6 9. f3 Bd7 10. Qd2 Nxd4 11. Bxd4 b5 12. a4 bxa4 13. Bxa4 Bxa4 14. Rxa4
Qd7 15. O-O Qb7 16. Rfa1 a6 17. R1a2 Nd7 18. Bxg7 Kxg7 19. Qd4+ f6 20. Rb4 Qc6
21. Rc4 Qb7 22. Nd5 Nc5 23. b4 Ne6 24. Qb6 Rfb8 25. Qxb7 Rxb7 26. c3 Kf7 27.
Rc6 Rba7 28. f4 f5 29. exf5 gxf5 30. Ra5 Ke8 31. g3 Kd7 32. Rc4 Rb8 33. g4 fxg4
34. f5 Nc7 35. Rxc7+ Rxc7 36. Nxc7 Kxc7 37. Rxa6 Kb7 38. Ra2 Rf8 39. Re2 Kc6
40. Rxe7 h5 41. c4 Rxf5 42. b5+ Kb6 43. Rd7 Rf6 44. Kg2 h4 45. Rd8 Re6 46. Kf2
Rf6+ 47. Ke3 Rg6 48. Kf2 Rf6+ 49. Kg2 Re6 50. Kf2 Rf6+ 51. Kg2 Re6 1/2-1/2

[Event "30. Staufer-Open (A)"]
[Site "?"]
[Date "2018.01.03"]
[Round "3"]
[White "Naumkin, Igor"]
[Black "Over, Klaus"]
[Result "1-0"]
[WhiteElo "2394"]
[BlackElo "2016"]
[PlyCount "63"]
[EventDate "2018.??.??"]
[BlackTeam "Post-SV Ulm"]

1. d4 Nf6 2. c4 g6 3. Nc3 Bg7 4. e4 d6 5. Nf3 O-O 6. Be2 Nbd7 7. O-O e5 8. Be3
Ng4 9. Bg5 f6 10. Bd2 f5 11. dxe5 Ndxe5 12. exf5 Bxf5 13. Nxe5 Nxe5 14. Be3 c6
15. Qd2 Qe7 16. Rad1 Rfd8 17. Bg5 Bf6 18. Bxf6 Qxf6 19. h3 h5 20. f4 Nf7 21. g4
hxg4 22. hxg4 Be6 23. Ne4 Qe7 24. f5 gxf5 25. gxf5 Bxc4 26. Bxc4 d5 27. Qg2+
Kf8 28. f6 Qb4 29. Qg7+ Ke8 30. Rfe1 Rd7 31. Qg8+ Qf8 32. Nd6+ 1-0

[Event "30. Staufer-Open (A)"]
[Site "?"]
[Date "2018.01.03"]
[Round "3"]
[White "Skembris, Spyridon"]
[Black "Bajorski, Marius"]
[Result "1-0"]
[WhiteElo "2387"]
[BlackElo "1822"]
[PlyCount "57"]
[EventDate "2018.??.??"]
[WhiteTeam "SC Grunbach"]
[BlackTeam "SV 1920 Hofheim"]

1. c4 e5 2. g3 Nf6 3. Bg2 c6 4. d4 e4 5. Nc3 d5 6. Bg5 Nbd7 7. cxd5 cxd5 8. Qb3
Be7 9. Nh3 Nb6 10. Nf4 Be6 11. f3 e3 12. Nxe6 fxe6 13. Bxe3 O-O 14. Bh3 Qd7 15.
Rd1 Ne8 16. O-O Bf6 17. Bf2 Qf7 18. e4 Nc7 19. a4 Rfb8 20. Be3 Re8 21. Bf4 Na6
22. Nb5 Be7 23. Bd6 Nc4 24. Bxe7 Rxe7 25. Rf2 Nc7 26. Re1 Nxb5 27. Qxb5 Rf8 28.
exd5 exd5 29. Rxe7 1-0

[Event "30. Staufer-Open (A)"]
[Site "?"]
[Date "2018.01.03"]
[Round "3"]
[White "Wunderlich, Manuel"]
[Black "Zeller, Frank"]
[Result "0-1"]
[WhiteElo "1870"]
[BlackElo "2379"]
[PlyCount "48"]
[EventDate "2018.??.??"]
[WhiteTeam "SC Waiblingen 1921"]
[BlackTeam "SK Schwäbisch Hall"]

1. d4 Nf6 2. c4 e6 3. Nc3 Bb4 4. Qc2 c5 5. Nf3 cxd4 6. Nxd4 Nc6 7. e3 O-O 8. a3
Be7 9. Be2 d5 10. cxd5 exd5 11. O-O Re8 12. Rd1 Bd6 13. Nf5 Be5 14. Bf3 Be6 15.
Ne2 Rc8 16. Qd3 Ne4 17. Nfg3 Qh4 18. Nd4 Nc5 19. Ndf5 Qf6 20. Qb5 Ne4 21. Bxe4
dxe4 22. Nd4 Bg4 23. Nde2 Bxg3 24. hxg3 a6 0-1

[Event "30. Staufer-Open (A)"]
[Site "?"]
[Date "2018.01.03"]
[Round "3"]
[White "Pokrupa, Marek"]
[Black "Vorobiov, Evgeny E"]
[Result "0-1"]
[WhiteElo "2179"]
[BlackElo "2547"]
[PlyCount "92"]
[EventDate "2018.??.??"]
[WhiteTeam "ASV Burglengenfeld SAbt"]
[BlackTeam "SF 90 Spraitbach e.V."]

1. c4 Nf6 2. g3 g6 3. Bg2 Bg7 4. Nc3 O-O 5. e4 c5 6. Nge2 Nc6 7. d3 d6 8. O-O
Bd7 9. Rb1 Ne8 10. Be3 Nd4 11. b4 b6 12. b5 Nc7 13. Nd5 Nxd5 14. exd5 Nf5 15.
Bd2 a6 16. a4 axb5 17. axb5 Ra3 18. Rb3 Qa8 19. Bc3 Bxc3 20. Rxc3 Qa5 21. Rxa3
Qxa3 22. Qc2 Ra8 23. Rb1 Kf8 24. h4 h5 25. Be4 Qa2 26. Qxa2 Rxa2 27. Kf1 Kg7
28. Ke1 Nd4 29. Nxd4 cxd4 30. Bf3 Bf5 31. Rd1 Kh6 32. Rd2 Ra1+ 33. Ke2 g5 34.
hxg5+ Kxg5 35. Be4 Bg4+ 36. Bf3 Bh3 37. Rc2 f5 38. Kd2 Bg4 39. Ke2 f4 40. Rd2
Kf5 41. Rb2 Rh1 42. gxf4 Ra1 43. Bxg4+ Kxg4 44. f5 h4 45. c5 h3 46. f3+ Kg3 0-1

[Event "30. Staufer-Open (A)"]
[Site "?"]
[Date "2018.01.03"]
[Round "3"]
[White "Burmakin, Vladimir"]
[Black "Wachsmann, Dietmar"]
[Result "1-0"]
[WhiteElo "2526"]
[BlackElo "2003"]
[PlyCount "79"]
[EventDate "2018.??.??"]
[WhiteTeam "SF 90 Spraitbach e.V."]
[BlackTeam "SC Groß-Umstadt"]

1. Nf3 d5 2. g3 c6 3. d4 Bg4 4. Bg2 e6 5. O-O Bd6 6. Nbd2 Nf6 7. Re1 O-O 8. e4
Nxe4 9. Nxe4 dxe4 10. Rxe4 Bf5 11. Re1 Nd7 12. c3 Qc7 13. Nd2 Rfe8 14. Nc4 Nb6
15. Nxd6 Qxd6 16. Qb3 Bd3 17. Bf4 Qd7 18. a4 Bc4 19. Qd1 Nd5 20. Bd2 Rad8 21.
b3 Ba6 22. Qc2 b6 23. Rad1 Bb7 24. c4 Ne7 25. Bc3 Qc8 26. Be4 Ng6 27. Qb2 f6
28. c5 Ne7 29. Qc2 f5 30. Bg2 Nd5 31. Bd2 Qd7 32. Re5 Qf7 33. b4 Rc8 34. Rde1
Qd7 35. h4 h6 36. Bf3 Nf6 37. Qa2 Qxd4 38. Rxe6 Kf8 39. Rd1 Qd7 40. Rxf6+ 1-0

[Event "30. Staufer-Open (A)"]
[Site "?"]
[Date "2018.01.03"]
[Round "3"]
[White "Wenninger, Philipp"]
[Black "Reindl, Arno"]
[Result "1-0"]
[WhiteElo "2349"]
[BlackElo "1995"]
[PlyCount "93"]
[EventDate "2018.??.??"]
[WhiteTeam "SC Erlangen 48/88"]
[BlackTeam "SG Schwäbisch Gmünd 1872 e.V"]

1. d4 Nf6 2. Nf3 g6 3. c4 Bg7 4. Nc3 d5 5. cxd5 Nxd5 6. e4 Nxc3 7. bxc3 c5 8.
Rb1 O-O 9. Be2 Nc6 10. d5 Bxc3+ 11. Bd2 Bxd2+ 12. Qxd2 Nd4 13. Nxd4 cxd4 14.
Qxd4 Qa5+ 15. Qd2 Qxd2+ 16. Kxd2 Rd8 17. Ke3 b6 18. Rbc1 Kf8 19. Rc7 Rd7 20.
Rhc1 Rxc7 21. Rxc7 Ke8 22. Bb5+ Kd8 23. d6 exd6 24. Rxf7 a6 25. Bc6 Rb8 26.
Rxh7 b5 27. Kd4 Be6 28. Bd5 Bxd5 29. Kxd5 Rb6 30. Rg7 a5 31. Rxg6 a4 32. e5 b4
33. exd6 b3 34. axb3 axb3 35. Rg8+ Kd7 36. Rg7+ Kd8 37. Ke6 Kc8 38. Rc7+ Kd8
39. Rc1 b2 40. Rb1 Rb4 41. Kd5 Kd7 42. Kc5 Rb8 43. Kc4 Kxd6 44. Kc3 Rg8 45. g3
Rh8 46. Rxb2 Rxh2 47. Re2 1-0

[Event "30. Staufer-Open (A)"]
[Site "?"]
[Date "2018.01.03"]
[Round "3"]
[White "Lüßmann, Thomas"]
[Black "Schitco, Ivan"]
[Result "0-1"]
[WhiteElo "1990"]
[BlackElo "2334"]
[PlyCount "64"]
[EventDate "2018.??.??"]
[WhiteTeam "SC Erlangen 48/88"]

1. d4 Nf6 2. Nf3 e6 3. Bf4 d5 4. e3 c5 5. Be2 Nc6 6. Nc3 a6 7. O-O Bd6 8. dxc5
Bxc5 9. Na4 Be7 10. Nd4 Bd7 11. b3 O-O 12. Bf3 Rc8 13. a3 Nxd4 14. exd4 Bxa4
15. bxa4 Rc4 16. Be2 Rc3 17. Qb1 Qd7 18. Bd2 Rxa3 19. Rxa3 Bxa3 20. Qb3 Bd6 21.
Rb1 Rb8 22. Ba5 h6 23. Bd3 b5 24. axb5 axb5 25. Bxb5 Qa7 26. Qc3 Ne4 27. Qa1 e5
28. f3 exd4 29. Kf1 d3 30. fxe4 dxc2 31. Rb3 Rxb5 32. Rxb5 Qa6 0-1

[Event "30. Staufer-Open (A)"]
[Site "?"]
[Date "2018.01.03"]
[Round "3"]
[White "Wichmann, Cliff"]
[Black "Irkilmez, Yakub"]
[Result "1-0"]
[WhiteElo "2314"]
[BlackElo "1989"]
[PlyCount "83"]
[EventDate "2018.??.??"]
[WhiteTeam "ESV Nickelhütte Aue"]
[BlackTeam "Blauer Springer Paderborn"]

1. Nf3 Nf6 2. c4 g6 3. Nc3 d5 4. cxd5 Nxd5 5. h4 h5 6. e4 Nxc3 7. dxc3 Qxd1+ 8.
Kxd1 Bg4 9. Kc2 Bxf3 10. gxf3 Nd7 11. Be3 Bg7 12. f4 e6 13. Be2 a6 14. Rag1 Bf6
15. f5 gxf5 16. exf5 O-O-O 17. fxe6 fxe6 18. Rg6 Rdg8 19. Rxg8+ Rxg8 20. Bxh5
Rh8 21. Bg4 Rxh4 22. Rxh4 Bxh4 23. Bxe6 Kd8 24. Kd3 Ke7 25. Bh3 Ne5+ 26. Kc2 b6
27. b4 Kd6 28. Kb3 Nd3 29. f3 Ke5 30. Bf1 Ne1 31. Bxa6 Nxf3 32. Bb7 Bg5 33. Bf2
Nd2+ 34. Kc2 Ne4 35. Bd4+ Kf4 36. Kd3 Nd6 37. Bc6 Be7 38. a4 Nc8 39. Kc4 Bd6
40. a5 Na7 41. Bd7 bxa5 42. bxa5 1-0

[Event "30. Staufer-Open (A)"]
[Site "?"]
[Date "2018.01.03"]
[Round "3"]
[White "Wiewesiek, Timo"]
[Black "Weiß, Oliver"]
[Result "1/2-1/2"]
[WhiteElo "1986"]
[BlackElo "2280"]
[PlyCount "72"]
[EventDate "2018.??.??"]
[WhiteTeam "Schachforum Darmstadt 1994"]
[BlackTeam "TG Biberach"]

1. b3 d5 2. Bb2 Nf6 3. e3 Bf5 4. f4 e6 5. Nf3 Be7 6. Be2 h6 7. O-O O-O 8. h3 c5
9. d3 Nc6 10. Nbd2 a5 11. a4 Qb6 12. Kh2 Qc7 13. Ne5 Rad8 14. Ndf3 Nd7 15. Kh1
f6 16. Nxc6 Qxc6 17. Nh4 Bh7 18. Bh5 f5 19. Ng6 Bxg6 20. Bxg6 Bf6 21. Bxf6 Nxf6
22. Bh5 Qc7 23. Bf3 Kh7 24. Qd2 b6 25. Rae1 g5 26. g4 fxg4 27. Bxg4 Nxg4 28.
hxg4 Qg7 29. Qg2 gxf4 30. Rxf4 Qg5 31. Ref1 Rxf4 32. Rxf4 Qh4+ 33. Qh2 Qe1+ 34.
Qg1 Qh4+ 35. Qh2 Qe1+ 36. Qg1 Qh4+ 1/2-1/2

[Event "30. Staufer-Open (A)"]
[Site "?"]
[Date "2018.01.03"]
[Round "3"]
[White "Namyslo, Holger"]
[Black "Mock, Markus"]
[Result "1/2-1/2"]
[WhiteElo "2278"]
[BlackElo "1985"]
[PlyCount "43"]
[EventDate "2018.??.??"]
[WhiteTeam "TG Biberach"]
[BlackTeam "FC Ergolding 1932 e.V."]

1. e4 c5 2. c3 Nf6 3. e5 Nd5 4. d4 cxd4 5. Nf3 Nc6 6. cxd4 d6 7. exd6 Qxd6 8.
Be2 g6 9. Nc3 Nxc3 10. bxc3 Bg7 11. O-O O-O 12. Be3 Rd8 13. Rb1 Qa3 14. Qd2 Be6
15. c4 Na5 16. d5 Bf5 17. Rb5 b6 18. Nd4 Bd7 19. Rbb1 Rac8 20. Rfc1 Qd6 21. h3
Nb7 22. Nb5 1/2-1/2

[Event "30. Staufer-Open (A)"]
[Site "?"]
[Date "2018.01.03"]
[Round "3"]
[White "Jakob, Georg"]
[Black "Kersten, Uwe"]
[Result "0-1"]
[WhiteElo "1959"]
[BlackElo "2247"]
[PlyCount "44"]
[EventDate "2018.??.??"]
[WhiteTeam "SG Königskinder Hohentübingen e."]
[BlackTeam "Kasseler SK 1876"]

1. e4 d6 2. d4 Nf6 3. Nc3 g6 4. Be3 c6 5. f3 Nbd7 6. Qd2 b5 7. Bh6 Bxh6 8. Qxh6
e5 9. O-O-O b4 10. Nce2 a5 11. h4 Qb6 12. h5 Rf8 13. hxg6 hxg6 14. Rh4 Ba6 15.
f4 O-O-O 16. fxe5 dxe5 17. Nf3 Rfe8 18. Ng5 Re7 19. dxe5 Ng8 20. Qg7 Qe3+ 21.
Kb1 Qxg5 22. Rh8 f5 0-1

[Event "30. Staufer-Open (A)"]
[Site "?"]
[Date "2018.01.03"]
[Round "3"]
[White "Voss, Georg"]
[Black "Hoffmann, Hendrik"]
[Result "0-1"]
[WhiteElo "1954"]
[BlackElo "2232"]
[PlyCount "45"]
[EventDate "2018.??.??"]
[WhiteTeam "Schachverein Schmallenberg 1948"]
[BlackTeam "Schachgemeinschaft Leipzig"]

1. c4 e6 2. g3 Nf6 3. Bg2 d5 4. Nf3 Be7 5. O-O O-O 6. b3 c5 7. cxd5 exd5 8. d3
Nc6 9. Nbd2 h6 10. a3 d4 11. Nc4 Nd5 12. e4 dxe3 13. fxe3 Bf6 14. e4 Nc3 15.
Qc2 Nxe4 16. dxe4 Bxa1 17. Bxh6 Nd4 18. Qf2 Nxf3+ 19. Bxf3 Bd4 20. Be3 Be6 21.
Rd1 Bxc4 22. Bxd4 Bxb3 23. Rd2 0-1

[Event "30. Staufer-Open (A)"]
[Site "?"]
[Date "2018.01.03"]
[Round "3"]
[White "Carow, Annelen"]
[Black "Seitz, Patrick"]
[Result "0-1"]
[WhiteElo "2110"]
[BlackElo "1980"]
[PlyCount "110"]
[EventDate "2018.??.??"]
[WhiteTeam "Sfr.Heidesheim"]
[BlackTeam "SR Heuberg-Gosheim"]

1. d4 Nf6 2. c4 c5 3. d5 b5 4. Qc2 bxc4 5. e4 d6 6. Bxc4 g6 7. Nf3 Bg7 8. O-O
O-O 9. Nc3 Nbd7 10. h3 Rb8 11. Re1 Nh5 12. Be2 Ne5 13. Nxe5 Bxe5 14. Bh6 Re8
15. Qd2 Kh8 16. Rab1 Rg8 17. Kh1 Bd7 18. Bxh5 gxh5 19. Bf4 f6 20. Bxe5 fxe5 21.
f4 Qf8 22. f5 Rb4 23. Rf1 Qf6 24. Qd1 Qg5 25. Qf3 Be8 26. a3 Rd4 27. Rf2 h4 28.
Qe2 Bh5 29. Qf1 Rd2 30. Re1 Rb8 31. b4 cxb4 32. axb4 Rc8 33. Nb1 Rdc2 34. Rxc2
Rxc2 35. Na3 Ra2 36. Nb5 Qg3 37. Rc1 Rf2 38. Rc8+ Kg7 39. f6+ exf6 40. Rc7+ Kg6
41. Qg1 Qf4 42. Rc1 Be2 43. Nxd6 Bf1 44. Rc8 h5 45. Rc7 Bxg2+ 46. Qxg2+ Rxg2
47. Kxg2 Qg3+ 48. Kf1 Qxh3+ 49. Ke2 Qg2+ 50. Ke3 Qg1+ 51. Ke2 Qb6 52. Rd7 h3
53. Kd2 Qxb4+ 54. Ke3 Qxd6 55. Rxd6 h2 0-1

[Event "30. Staufer-Open (A)"]
[Site "?"]
[Date "2018.01.03"]
[Round "3"]
[White "Thomas, Ingo"]
[Black "Hund, Sarah"]
[Result "1/2-1/2"]
[WhiteElo "2086"]
[BlackElo "1964"]
[PlyCount "90"]
[EventDate "2018.??.??"]
[WhiteTeam "Krefelder SK Turm"]
[BlackTeam "Karlsruher SF 1853"]

1. e4 e5 2. Nf3 Nc6 3. Bc4 Nf6 4. d3 d6 5. c3 Be7 6. Nbd2 O-O 7. Bb3 Bg4 8. h3
Bh5 9. Nf1 Nd7 10. Ng3 Bxf3 11. Qxf3 Nc5 12. Bc2 Bg5 13. Bxg5 Qxg5 14. Qg4 Qf6
15. Nf5 Ne6 16. g3 Rad8 17. O-O g6 18. Ne3 Ne7 19. f4 d5 20. f5 h5 21. Qe2 Ng7
22. Kh2 d4 23. Nc4 gxf5 24. exf5 Nexf5 25. Rae1 Qg5 26. g4 hxg4 27. Qxg4 Qxg4
28. hxg4 Nh6 29. g5 Ng4+ 30. Kg3 b5 31. Nxe5 Ne3 32. Rxe3 dxe3 33. Bb3 Ne6 34.
g6 Kg7 35. gxf7 Nc5 36. d4 Nxb3 37. axb3 c5 38. Kf4 cxd4 39. cxd4 Rxd4+ 40. Kf5
Rd6 41. Rg1+ Kh7 42. Re1 Kg7 43. Rg1+ Kh7 44. Re1 Kg7 45. Rg1+ Kh7 1/2-1/2

[Event "30. Staufer-Open (A)"]
[Site "?"]
[Date "2018.01.03"]
[Round "3"]
[White "Huber, Lukas"]
[Black "Rolf, Marco"]
[Result "1/2-1/2"]
[WhiteElo "1922"]
[BlackElo "2045"]
[PlyCount "48"]
[EventDate "2018.??.??"]
[WhiteTeam "SC Tannhausen 1986 e.V."]
[BlackTeam "SK 1980 Gernsheim"]

1. e4 e6 2. d4 d5 3. Nc3 Nf6 4. Bg5 dxe4 5. Nxe4 Be7 6. Ng3 c5 7. Nf3 Nc6 8.
dxc5 O-O 9. Be2 Qa5+ 10. Qd2 Qxd2+ 11. Nxd2 Bxc5 12. Bxf6 gxf6 13. Nde4 Be7 14.
Nh5 f5 15. Nef6+ Kh8 16. O-O-O e5 17. f4 e4 18. Bb5 Be6 19. Nd5 Bc5 20. Rhe1
Rad8 21. Nhf6 Kg7 22. g4 Nd4 23. Bc4 b5 24. Bb3 Nxb3+ 1/2-1/2

[Event "30. Staufer-Open (A)"]
[Site "?"]
[Date "2018.01.03"]
[Round "3"]
[White "Kasüschke, Lars"]
[Black "Beckers, Manfred"]
[Result "1/2-1/2"]
[WhiteElo "2038"]
[BlackElo "1896"]
[PlyCount "93"]
[EventDate "2018.??.??"]
[WhiteTeam "SG Schwäbisch Gmünd 1872 e.V"]
[BlackTeam "SC Plüderhausen"]

1. e4 c6 2. d4 d5 3. e5 Bf5 4. Nf3 e6 5. Be2 c5 6. Be3 Qb6 7. Nbd2 Nc6 8. dxc5
Bxc5 9. Bxc5 Qxc5 10. c4 d4 11. Qb3 Nge7 12. Qb5 Qb6 13. c5 Qxb5 14. Bxb5 O-O
15. O-O Rfd8 16. Rfe1 Nb4 17. Red1 Bc2 18. Rdc1 Bd3 19. Bxd3 Nxd3 20. Rc4 Nc6
21. Nb3 Nxb2 22. Rc2 Nd3 23. Rd2 Ndxe5 24. Nfxd4 Nxd4 25. Rxd4 Rxd4 26. Nxd4
Rc8 27. Nb3 Kf8 28. Na5 b6 29. cxb6 axb6 30. Nb3 Rc2 31. a4 Rb2 32. Nd4 Nd3 33.
f3 Nf4 34. g3 Ne2+ 35. Nxe2 Rxe2 36. Rb1 Ra2 37. Rxb6 Rxa4 38. Rb2 g5 39. Kg2
Kg7 40. Rb5 Ra2+ 41. Kh3 Kg6 42. g4 Ra3 43. Kg3 h5 44. gxh5+ Kxh5 45. h4 f6 46.
hxg5 fxg5 47. Re5 1/2-1/2

[Event "30. Staufer-Open (A)"]
[Site "?"]
[Date "2018.01.03"]
[Round "3"]
[White "Lesny, Florian"]
[Black "Büse, Ralf"]
[Result "1/2-1/2"]
[WhiteElo "2033"]
[BlackElo "1883"]
[PlyCount "42"]
[EventDate "2018.??.??"]
[WhiteTeam "SK Niederbrechen 1948"]
[BlackTeam "SC Ladja Roßdorf"]

1. e4 e6 2. d4 d5 3. e5 c5 4. c3 Nc6 5. Nf3 Bd7 6. Be2 f6 7. O-O fxe5 8. Nxe5
Nxe5 9. dxe5 Qc7 10. Bf4 Ne7 11. Re1 Nc6 12. Nd2 Be7 13. c4 O-O 14. Bg3 d4 15.
Bd3 Rf7 16. f4 g6 17. Ne4 Raf8 18. Rf1 a6 19. Qg4 Nb4 20. Rf3 Nxd3 21. Rxd3 b5
1/2-1/2

[Event "30. Staufer-Open (A)"]
[Site "?"]
[Date "2018.01.03"]
[Round "3"]
[White "Förster, Rasmus"]
[Black "Kabelka, Ondrej"]
[Result "0-1"]
[WhiteElo "1900"]
[BlackElo "2026"]
[PlyCount "52"]
[EventDate "2018.??.??"]
[WhiteTeam "SV Schorndorf"]

1. Nf3 Nf6 2. e3 c5 3. b3 g6 4. Bb2 Bg7 5. c4 O-O 6. Be2 b6 7. O-O Bb7 8. d4
cxd4 9. Nxd4 d5 10. cxd5 Nxd5 11. Nc3 Nd7 12. Nxd5 Bxd5 13. Rc1 Nc5 14. b4 Ne4
15. a3 Qd7 16. Bf3 Rfd8 17. Qe2 e5 18. Nb5 Rac8 19. Rfd1 Rxc1 20. Bxc1 Qf5 21.
Nc7 Nc3 22. Qd2 e4 23. Be2 Nxd1 24. Bxd1 Bf6 25. Qe2 Bc4 26. Qc2 Qd7 0-1

[Event "30. Staufer-Open (A)"]
[Site "?"]
[Date "2018.01.03"]
[Round "3"]
[White "Schweizer, Manfred"]
[Black "Kraft, Julian"]
[Result "1-0"]
[WhiteElo "2013"]
[BlackElo "1853"]
[PlyCount "57"]
[EventDate "2018.??.??"]
[WhiteTeam "Post-SV Memmingen e.V."]
[BlackTeam "SV Weingarten"]

1. g3 d5 2. Bg2 Nf6 3. d3 g6 4. Nf3 Bg7 5. O-O O-O 6. Nbd2 c5 7. e4 Nc6 8. c3
e5 9. Qb3 d4 10. cxd4 cxd4 11. Nc4 Nd7 12. Bd2 b6 13. Rfc1 Nc5 14. Qc2 f5 15.
b4 fxe4 16. Nfxe5 Bxe5 17. bxc5 Qf6 18. Bh6 exd3 19. Qd2 Re8 20. cxb6 Bb7 21.
Bd5+ Kh8 22. Re1 Rad8 23. Bg5 Qg7 24. Bxd8 Rxd8 25. Bg2 axb6 26. Bxc6 Bxc6 27.
Nxe5 Be8 28. Qg5 Rc8 29. Rac1 1-0

[Event "30. Staufer-Open (A)"]
[Site "?"]
[Date "2018.01.03"]
[Round "3"]
[White "Britsch, Benjamin"]
[Black "Held, Carsten"]
[Result "1-0"]
[WhiteElo "1844"]
[BlackElo "2099"]
[PlyCount "79"]
[EventDate "2018.??.??"]
[WhiteTeam "SK Horb"]
[BlackTeam "SC Ladja Roßdorf"]

1. d4 Nf6 2. Bg5 Ne4 3. Bf4 c5 4. f3 Qa5+ 5. c3 Nf6 6. d5 d6 7. e4 g6 8. a4 Qc7
9. Na3 Nbd7 10. Nc4 b6 11. Ne2 a6 12. Nc1 Rb8 13. Na3 Bg7 14. Qd2 h6 15. Be2 g5
16. Be3 Nf8 17. Nd3 Ng6 18. Nf2 e6 19. dxe6 fxe6 20. Bc4 O-O 21. O-O-O Ne8 22.
Qe2 Bd7 23. Bb3 b5 24. axb5 axb5 25. Bc2 Qa5 26. Bxc5 dxc5 27. Rxd7 Bxc3 28.
Ng4 Bg7 29. e5 Nh4 30. Rhd1 c4 31. Re7 c3 32. Qd3 Nf5 33. Rxe6 cxb2+ 34. Kxb2
Qb4+ 35. Bb3 Kh8 36. Nc2 Qa5 37. Qd7 Ned6 38. Rdxd6 Nxd6 39. Qxd6 b4 40. Rxh6+
1-0